000 01238nam a2200265Ia 4500
003 Ost
005 20260507075226.0
008 260507s9999||||xx |||||||||||||| ||und||
020 _a95885099479
040 _cfsecg
041 _aara
082 _a330
100 _aبوتين، محمد
_eمؤلف
245 0 _aالمحاسبة المالية و معايير المحاسبة الدولية :
_bدروس و تطبيقات /
_c محمد بوتين
260 _aالجزائر:
_bالصفحات الزرقاء,
_c2010
300 _a263 صفحة؛
_bإيضاحات ؛
_c24 سم
490 _aCollection Gestion
504 _aمراجع ص.263
520 _aالميزانية و الحساب ، الهيئات و الاطار النظري للمعايير الدولية المحاسبية و المالية ، القوائم المالية ( المعيار IASI)، الاصول الثابتة غير الجارية ، دورة الانتاج و البيع ، خصوم وإيرادات أخرى مع وجود أعمال موجه و الحلول .
653 _aالقوائم المالية
653 _aالمالية- المحاسبة
653 _aالمحاسبة
653 _aالميزانية
942 _cكتاب
999 _c43540
_d43540